| 000 | 01410cam a22003977a 4500 | ||
|---|---|---|---|
| 003 | CHAP | ||
| 005 | 20220329142347.0 | ||
| 008 | 000927d2000 mx r 00110 spa d | ||
| 010 | _a82369 | ||
| 011 | _a83341 | ||
| 035 | _a93853 | ||
| 040 | _cCHAP | ||
| 090 | _aTesis | ||
| 100 | 0 | 0 |
_aRíos Cruz, Misael. _999191 |
| 245 | 1 | 0 |
_aConservación del frijol mediante extractos vegetales y su efecto en la capacidad biológica de la semilla _c/por Misael Ríos Cruz |
| 260 |
_aChapingo, Méx. : _bEl autor, _c2000. |
||
| 300 |
_a56 h. : _bcuads., gráfs. |
||
| 502 | _aTesis (Ing. Agr. Esp. en Fitotecnia) -- UACH. Departamento de Fitotecnia | ||
| 590 |
_aALEPH _b10 _c20130110 _lUCH01 _h1437 |
||
| 590 |
_aBATCH-UPD _b10 _c20130110 _lUCH01 _h0244 |
||
| 590 |
_aBATCH-UPD _b10 _c20130110 _lUCH01 _h1629 |
||
| 590 |
_aBATCH-UPD _b10 _c20130410 _lUCH01 _h1344 |
||
| 590 |
_aBATCH-UPD _b10 _c20130914 _lUCH01 _h1047 |
||
| 590 |
_aCONVERSION _b10 _c20130109 _lUCH01 _h1346 |
||
| 650 | 1 | 4 |
_aControl biológico de plagas. _927587 |
| 650 | 1 | 4 |
_aExtractos vegetales. _939214 |
| 650 | 1 | 4 |
_aFrijol _xAlmacenamiento. _943322 |
| 650 | 1 | 4 |
_aFrijol _xPlagas. _943415 |
| 650 | 1 | 4 |
_aPlantas insecticidas. _989010 |
| 650 | 1 | 4 |
_aZabrotes subfasciatus. _9123383 |
| 901 | _aBK | ||
| 905 | _aEdna Luz | ||
| 942 | _cFOLL | ||
| 949 |
_bBC _cTES _d33724000805834 _eTS2 _fc.2 _h37016 _i93853 _si |
||
| 949 |
_bBC _cTES _d93853 _eTS1 _h37015 _i93853 _sb |
||
| 999 |
_c82369 _d82369 |
||